| 000 | 01172cam a2200277 i 4500 | ||
|---|---|---|---|
| 003 | SA-RiAUC | ||
| 005 | 20250611101941.0 | ||
| 008 | 250605s1987 su g b 00000 ara c | ||
| 040 |
_aSA-JeALM _bara _cSA-RiAUC _erda |
||
| 082 | 0 | 4 | _a214.618178 |
| 090 |
_a214.618178 _b ب ا ر |
||
| 100 | 1 |
_aالبار، محمد علي، _d1358 هجري- _eمؤلف. |
|
| 245 | 1 | 0 |
_aأخلاقيات التلقيح الإصطناعي : _bنظرة إلى الجذور / _cمحمد علي البار. |
| 250 | _aالطبعة الأولى. | ||
| 264 | 1 |
_aجدة، السعودية : _bالدار السعودية للنشر والتوزيع، _c1987 |
|
| 300 |
_a611 صفحة ؛ _c28 × 18 سم |
||
| 336 |
_aنص _btxt _2rdacontent _3كتاب |
||
| 337 |
_aبدون وسيط _bn _2rdamedia |
||
| 338 |
_aمجلد _bnc _2rdacarrier |
||
| 500 | _aإهداء من المؤلف محمد علي البار بتاريخ 1409/5/1 هـ | ||
| 504 | _aببليوجرافية : صفحة 167-178. | ||
| 650 | 7 |
_aالتلقيح الصناعي البشري (فقه إسلامي) _2aucsh |
|
| 942 |
_2ddc _cBOOK _n0 |
||
| 949 |
_aSA-JeALM _d250605 _umohamedma123 _n1 |
||
| 999 |
_c8847 _d8847 |
||